| 000 | 00604cam a22001937a 4500 | ||
|---|---|---|---|
| 999 |
_c330393 _d330393 |
||
| 001 | 4784056 | ||
| 003 | NUST | ||
| 005 | 20170704170639.0 | ||
| 008 | 891020s1983 pk 000 0 urd | ||
| 010 | _a 86930922 | ||
| 020 | _a9694962641 | ||
| 040 |
_aDLC _cDLC _dDLC |
||
| 050 | 0 | 0 | _aMLCSA 89/02092 (P) |
| 082 |
_a891.4391 _bFRA |
||
| 100 | 1 |
_aFarāz, Aḥmad, _d1931-2008. _92174 |
|
| 245 | 1 | 0 |
_aNābīnā shahr men̲ āʼīnah / _cAḥmad Farāz. |
| 260 |
_aKarāchī : _bʻAẓīm Pablisharz, _c2010 |
||
| 300 |
_a140 p. ; _c21 cm. |
||
| 500 | _aPoems | ||
| 546 | _aIn Urdu | ||
| 650 |
_aUrdu Literature _9347 |
||
| 880 |
_6100-01\(3\r _aاحمد فراز |
||
| 880 |
_6245-02\(3\r _aنابینا شہر میں آیٗنہ _cاحمد فراز |
||
| 880 |
_6260-03\(3\r _aاسلام آباد: _bدوست پبلی کیشنز، _c2010 |
||
| 906 |
_a7 _bcbc _corignew _du _encip _f19 _gy-gencatlg |
||
| 942 |
_2ddc _cBK |
||